000 00760nam a22002177a 4500
999 _c10231
_d10231
003 AR-CdUCM
008 190329b ||||| |||| 00| 0 spa d
040 _aMUNICIPALIDAD PROVINCIAL DEL CUSCO
_cBIBLIOTECA MUNICIPAL DEL CUSCO
082 _a985.061 /
_bD55 / 1931
100 _aDellepiane, Carlos
_912560
245 _aHistoria militar del Perú /
260 _aLima :
_bGil,
_c1931.
300 _a1 tomo ;
_bláminas, mapas,
_c24 cm.
505 _aContenido: t.1: Guerra de la revolución emancipadora -- Guerras de consolidación de la República --t.2: Guerra del pacifico /
650 _aHistoria del Perú
_9259
650 _aHistoria militar
_91394
650 _aBatallas
_926957
650 _aSiglo XIX
_9971
942 _2ddc
_cLIBROS
945 _aachl